Car Quiz (Toyota Edition) - Statistics

General Stats
  • This quiz has been taken 413 times
    397 since last reset
  • The average score is 8 of 21
Answer Stats
Picture Hint Answer % Correct
2015 - present Prius
71%
2012 - present 86
60%
2000 - 2005 RAV4
54%
2000 - 2006 Tundra
51%
1986 - 1993 Supra
50%
2016 - present Tacoma
50%
1999 - 2006 Celica
48%
1960 - 1984 Land Cruiser
47%
1999 - 2005 Yaris
46%
2013 - 2019 Highlander
44%
2015 - present Hilux
42%
2005 - 2014 Aygo
39%
2006 - 2012 Auris
32%
2000 - 2005 Previa
31%
1966 -1970 Corolla
29%
1982 - 1986 Camry
27%
1998 - 2005 Altezza
24%
1997 - 2002 Avensis
23%
2014 - present Mirai
21%
2009 - 2018 Verso
20%
1995 - 2001 Picnic
13%
No matching quizzes found
Score Distribution
Percent of People with Each Score
Percentile by Number Answered
Your Score History
You have not taken this quiz since the last reset